Historical Postcards from the States Quiz Stats

 Plays Quiz Updated Aug 24, 2014

Support Sporcle.
Go Orange.
Score 0/22 Timer 06:00
0 Plays Today
% Correct
New York, New York
97.3%
Albuquerque, New Mexico
90.5%
Taku Glacier, Alaska
87.5%
Rocky Mountain National Park, Colorado
87.3%
Hartford, Connecticut
86.5%
San Antonio, Texas
86%
Yellowstone National Park, Wyoming
85.8%
Kilauea, Hawaii
85%
Salem, Massachusetts
84.5%
Chicago, Illinois
83.7%
Salt Lake City, Utah
82.7%
% Correct
St. Louis, Missouri
81%
Pemaquid Point Lighthouse, Maine
80%
Atlantic City, New Jersey
79.1%
Yosemite National Park, California
78.4%
Annapolis, Maryland
75.7%
Miami, Florida
72.3%
Yellowstone National Park, Montana
72%
New Orleans, Louisiana
71.1%
Wilmington, Delaware
62.2%
Clinton, Iowa
42.9%
St. Joe River, Idaho
22.3%

You're not logged in!

Compare scores with friends on all Sporcle quizzes.
OR
Log In

From the Vault

Harry Potter Character by Tattoo

by minshkins

If your wizard friends are showing off their Dark Mark tattoos, you might be in the wrong crowd.
Remove Ads.
Support Sporcle.
Get the best of Sporcle when you Go Orange. This ad-free experience offers more features, more stats, and more fun while also helping to support Sporcle. Thank you for becoming a member.

Show Comments

Extras

Top Quizzes Today


Score Distribution

Your Account Isn't Verified!

In order to create a playlist on Sporcle, you need to verify the email address you used during registration. Go to your Sporcle Settings to finish the process.

Report this User

Report this user for behavior that violates our Community Guidelines.

Details: